[Event "SVK-chT3B2 1920"]
[Site "Slovakia"]
[Date "2020.06.21"]
[Round "10.7"]
[White "Zelenka, Matej"]
[Black "Betak, Peter"]
[Result "1-0"]
[WhiteElo "1269"]
[BlackElo "1599"]
[PlyCount "41"]
[EventDate "2019.10.06"]
[EventType "team-tourn"]
[EventRounds "11"]
[EventCountry "SVK"]
[SourceTitle "EXT 2022"]
[Source "ChessBase"]
[SourceDate "2021.10.06"]
[SourceVersion "1"]
[SourceVersionDate "2021.10.06"]
[SourceQuality "1"]
[WhiteTeam "Dubnica nad Vahom IV"]
[BlackTeam "Trencin II"]
[WhiteTeamCountry "SVK"]
[BlackTeamCountry "SVK"]

1. e4 c5 2. Nf3 Nc6 3. d4 cxd4 4. Nxd4 Nf6 5. Nc3 a6 6. Nxc6 bxc6 7. e5 Ng8 8. Bg5 Qa5 9. Qd4 f6 10. Bf4 fxe5 11. Bxe5 Nf6 12. Bf4 d6 13. b4 Qc7 14. Qc4 e5 15. Bg5 Bf5 16. Bxf6 gxf6 17. Nd5 Qf7 18. Qxc6+ Kd8 19. Qxa8+ Kd7 20. Qb7+ Ke6 21. Nf4+ 1-0

[Event "SVK-chT3B2 1819"]
[Site "Slovakia"]
[Date "2019.03.24"]
[Round "10.6"]
[White "Betak, Peter"]
[Black "Masar, Jan"]
[Result "0-1"]
[WhiteElo "1642"]
[BlackElo "1794"]
[PlyCount "52"]
[EventDate "2018.10.21"]
[EventType "team-tourn"]
[EventRounds "11"]
[EventCountry "SVK"]
[SourceTitle "CBM 189 Extra"]
[Source "ChessBase"]
[SourceDate "2019.06.03"]
[SourceVersion "1"]
[SourceVersionDate "2019.06.03"]
[SourceQuality "1"]
[WhiteTeam "Trencin "]
[BlackTeam "Handlova"]
[WhiteTeamCountry "SVK"]
[BlackTeamCountry "SVK"]

1. d4 Nf6 2. c4 e6 3. Bg5 h6 4. Bh4 c5 5. Nc3 Qb6 6. Qb3 Qxb3 7. axb3 g5 8. Nb5 gxh4 9. Nc7+ Kd8 10. Nxa8 Nc6 11. d5 exd5 12. cxd5 Nxd5 13. Rd1 Ndb4 14. e3 b6 15. Nxb6 axb6 16. Bc4 Ne5 17. f4 Nxc4 18. bxc4 Bb7 19. Nf3 h3 20. Ne5 Ke8 21. Rg1 d6 22. Nd3 Nxd3+ 23. Rxd3 hxg2 24. Rb3 Kd7 25. Rxb6 Kc7 26. b4 Kxb6 0-1

[Event "SVK-chT3B2 1819"]
[Site "Slovakia"]
[Date "2018.10.21"]
[Round "1.6"]
[White "Betak, Peter"]
[Black "Mejsnar, Miroslav"]
[Result "1-0"]
[WhiteElo "1642"]
[BlackElo "1883"]
[PlyCount "67"]
[EventDate "2018.10.21"]
[EventType "team-tourn"]
[EventRounds "11"]
[EventCountry "SVK"]
[SourceTitle "CBM 189 Extra"]
[Source "ChessBase"]
[SourceDate "2019.06.03"]
[SourceVersion "1"]
[SourceVersionDate "2019.06.03"]
[SourceQuality "1"]
[WhiteTeam "Trencin "]
[BlackTeam "Povazska Bystrica Sparta"]
[WhiteTeamCountry "SVK"]
[BlackTeamCountry "SVK"]

1. d4 Nf6 2. c4 g6 3. Nc3 d5 4. cxd5 Nxd5 5. e4 Nxc3 6. bxc3 Bg7 7. Qb3 0-0 8. Ba3 Bxd4 9. Rd1 Bxf2+ 10. Kxf2 Qe8 11. Bb5 c6 12. Be2 b5 13. Qb4 Nd7 14. Nf3 Qd8 15. Qxe7 Qb6+ 16. Kf1 c5 17. Rxd7 Bxd7 18. Qxd7 a6 19. Qd5 Rac8 20. Bc1 Qf6 21. Bh6 Rfe8 22. e5 Qf5 23. Qd3 Qe6 24. Qc2 Rcd8 25. Kf2 c4 26. Rd1 Qb6+ 27. Be3 Qa5 28. Rxd8 Rxd8 29. Nd4 Qc7 30. Qe4 Kg7 31. Bg5 Re8 32. Bf6+ Kg8 33. Qh4 Rxe5 34. Qh6 1-0

[Event "SVK-chT3B2 1718"]
[Site "Slovakia"]
[Date "2017.12.17"]
[Round "6.7"]
[White "Betak, Peter"]
[Black "Kutny, Marian1111"]
[Result "1-0"]
[WhiteElo "1637"]
[BlackElo "1529"]
[PlyCount "155"]
[EventDate "2017.10.08"]
[EventType "team-tourn"]
[EventRounds "11"]
[EventCountry "SVK"]
[SourceTitle "EXT 2019"]
[Source "ChessBase"]
[SourceDate "2018.10.10"]
[SourceVersion "1"]
[SourceVersionDate "2018.10.10"]
[SourceQuality "1"]
[WhiteTeam "Nemsova Horne Srnie"]
[BlackTeam "Belusa"]
[WhiteTeamCountry "SVK"]
[BlackTeamCountry "SVK"]

1. d4 g6 2. c4 Bg7 3. Nf3 c6 4. Nc3 d6 5. e3 Nf6 6. h3 0-0 7. Bd3 Nbd7 8. Qc2 Nb6 9. b4 Be6 10. Na4 Bd7 11. Nxb6 axb6 12. Bb2 c5 13. b5 Ra7 14. a4 Qc7 15. 0-0 Rfa8 16. Ra2 Qc8 17. Rfa1 Bxh3 18. gxh3 Qxh3 19. Nh2 h5 20. f3 Bh6 21. Bc1 h4 22. Qg2 Qxg2+ 23. Kxg2 Bg7 24. Ng4 Nxg4 25. fxg4 cxd4 26. e4 Bf6 27. g5 Be5 28. Kh3 Bg3 29. Bb2 e5 30. Bc1 Kg7 31. Bd2 Rd8 32. a5 bxa5 33. Rxa5 Rxa5 34. Rxa5 Rd7 35. Ra7 f6 36. Ra8 Rf7 37. Rd8 fxg5 38. Bxg5 Rf3 39. Rd7+ Kg8 40. Be2 Rf2 41. Bd1 Rh2+ 42. Kg4 Rh1 43. Bf3 Rg1 44. Kh3 Be1 45. Bxh4 Bxh4 46. Kxh4 g5+ 47. Kh3 Rc1 48. Bg4 Rc3+ 49. Kg2 d3 50. Rxd6 Rc2+ 51. Kf1 Kf8 52. Rd8+ Ke7 53. Rc8 Kd6 54. Rd8+ Kc5 55. Rxd3 Kxc4 56. Rd5 Rb2 57. b6 Rxb6 58. Be2+ Kc3 59. Rxe5 Kd4 60. Re8 Rb1+ 61. Kf2 Rb2 62. e5 g4 63. Kf1 g3 64. e6 Ke3 65. e7 Rxe2 66. Rf8 g2+ 67. Kg1 Kd4 68. e8Q Rxe8 69. Rxe8 Kc4 70. Rc8+ Kb4 71. Kxg2 b5 72. Kf2 Kb3 73. Ke2 b4 74. Kd2 Kb2 75. Rc2+ Kb1 76. Rc8 Kb2 77. Kd3 Kb3 78. Rb8 1-0

[Event "SVK-chT3B2 1718"]
[Site "Slovakia"]
[Date "2017.11.05"]
[Round "3.8"]
[White "Betak, Peter"]
[Black "Holeckova, Lenka"]
[Result "1-0"]
[WhiteElo "1637"]
[BlackElo "1440"]
[PlyCount "75"]
[EventDate "2017.10.08"]
[EventType "team-tourn"]
[EventRounds "11"]
[EventCountry "SVK"]
[SourceTitle "EXT 2019"]
[Source "ChessBase"]
[SourceDate "2018.10.10"]
[SourceVersion "1"]
[SourceVersionDate "2018.10.10"]
[SourceQuality "1"]
[WhiteTeam "Nemsova Horne Srnie"]
[BlackTeam "Dubnica nad Vahom IV"]
[WhiteTeamCountry "SVK"]
[BlackTeamCountry "SVK"]

1. d4 d5 2. c4 c6 3. Nc3 Nf6 4. Bg5 e6 5. Nf3 Be7 6. e3 h6 7. Bh4 Nbd7 8. Bd3 Bb4 9. a3 Bxc3+ 10. bxc3 0-0 11. 0-0 a6 12. c5 Re8 13. Ne5 Rb8 14. c4 g5 15. Bg3 Ra8 16. Ng4 h5 17. Nxf6+ Nxf6 18. Be5 g4 19. h3 b5 20. cxb6 dxc4 21. Bxc4 Ne4 22. hxg4 f6 23. Bc7 Qe7 24. gxh5 Qg7 25. h6 Qxh6 26. Qg4+ Ng5 27. f4 Kh8 28. fxg5 fxg5 29. Be5+ Kg8 30. Rf6 Qh4 31. Qxh4 gxh4 32. Rh6 Re7 33. Rh8+ Kf7 34. Rf1+ Kg6 35. Bd3+ Kg5 36. Bf6+ Kg4 37. Be2+ Kg3 38. Be5# 1-0

[Event "SVK-chT3B2 1718"]
[Site "Slovakia"]
[Date "2017.10.08"]
[Round "1.6"]
[White "Betak, Peter"]
[Black "Sunal, Jan"]
[Result "1-0"]
[WhiteElo "1637"]
[BlackElo "1707"]
[PlyCount "51"]
[EventDate "2017.10.08"]
[EventType "team-tourn"]
[EventRounds "11"]
[EventCountry "SVK"]
[SourceTitle "EXT 2019"]
[Source "ChessBase"]
[SourceDate "2018.10.10"]
[SourceVersion "1"]
[SourceVersionDate "2018.10.10"]
[SourceQuality "1"]
[WhiteTeam "Nemsova Horne Srnie"]
[BlackTeam "Bojnice"]
[WhiteTeamCountry "SVK"]
[BlackTeamCountry "SVK"]

1. d4 d5 2. c4 Nf6 3. Nc3 Bf5 4. Nf3 h6 5. Qb3 b6 6. cxd5 e6 7. Qa4+ Nbd7 8. dxe6 Bxe6 9. e3 Be7 10. Ne5 0-0 11. Nc6 Qe8 12. Ba6 Bd6 13. Bb7 a5 14. Nb5 Bd5 15. Nxd6 cxd6 16. Bxa8 Bxg2 17. Ne7+ Qxe7 18. Bxg2 d5 19. 0-0 Ng4 20. h3 Ngf6 21. Bd2 Ne4 22. Bxe4 dxe4 23. Qd1 f5 24. f4 Qh4 25. Kh2 Nf6 26. Be1 1-0

[Event "SVK-chT3B2 1617"]
[Site "Slovakia"]
[Date "2016.10.16"]
[Round "1.7"]
[White "Kostelansky, Karol"]
[Black "Betak, Peter"]
[Result "0-1"]
[WhiteElo "1112"]
[BlackElo "1599"]
[PlyCount "70"]
[EventDate "2016.10.16"]
[EventType "team-tourn"]
[EventRounds "11"]
[EventCountry "SVK"]
[SourceTitle "CBM 175 Extra"]
[Source "ChessBase"]
[SourceDate "2016.12.12"]
[SourceVersion "1"]
[SourceVersionDate "2016.12.12"]
[SourceQuality "1"]
[WhiteTeam "Povazske Podhradie II"]
[BlackTeam "Nemsova Horne Srnie"]
[WhiteTeamCountry "SVK"]
[BlackTeamCountry "SVK"]

1. Nf3 c5 2. d4 cxd4 3. Nxd4 Nc6 4. Nxc6 bxc6 5. g3 Nf6 6. Bg2 Qa5+ 7. Qd2 Qb6 8. b3 e6 9. Bb2 Bb4 10. c3 Bc5 11. 0-0 Ng4 12. Qf4 Ne3 13. Rc1 Ba6 14. Bf3 Nd5 15. Bxd5 cxd5 16. b4 Bd6 17. Qg5 0-0 18. c4 f6 19. Bxf6 Rxf6 20. c5 Qxb4 21. cxd6 Qb6 22. Qe3 d4 23. Qe4 Bb7 24. Qd3 Raf8 25. Rf1 Ba6 26. Qd2 d3 27. exd3 Qxd6 28. Nc3 Bb7 29. Rab1 Qc6 30. Ne4 Kh8 31. f4 Rf5 32. Rfc1 Qd5 33. Rc5 Qd4+ 34. Kf1 Bxe4 35. Rc4 Qxd3+ 0-1

[Event "SVK-chT2B 1314"]
[Site "Slovakia"]
[Date "2014.02.23"]
[Round "9.6"]
[White "Marko, Anton"]
[Black "Betak, Peter"]
[Result "1-0"]
[WhiteElo "2079"]
[BlackElo "1655"]
[PlyCount "49"]
[EventDate "2013.10.19"]
[EventType "team-tourn"]
[EventRounds "11"]
[EventCountry "SVK"]
[SourceTitle "EXT 2015"]
[Source "ChessBase"]
[SourceDate "2014.11.20"]
[SourceVersion "1"]
[SourceVersionDate "2014.11.20"]
[SourceQuality "1"]
[WhiteTeam "Topolcany"]
[BlackTeam "Trencin II"]
[WhiteTeamCountry "SVK"]
[BlackTeamCountry "SVK"]

1. c4 c5 2. Nc3 Nf6 3. g3 Nc6 4. Bg2 g6 5. e3 e6 6. d4 cxd4 7. exd4 d5 8. Nge2 dxc4 9. 0-0 Nd5 10. Nf4 Nxc3 11. bxc3 Qa5 12. d5 Ne5 13. dxe6 fxe6 14. Rb1 Rb8 15. Re1 Qc7 16. Qa4+ b5 17. Rxb5 Bd7 18. Rxb8+ Qxb8 19. Qa6 Kf7 20. Be3 Qc7 21. Bxa7 Bg7 22. Bd4 Bc8 23. Qb5 Bd7 24. Bxe5 Qxe5 25. Qxd7+ 1-0